00484nam a22001937a 450000500170000001000140001702000100003103500140004103700160005504000120007108200130008310000210009624500350011726000410015227000330019330000200022665000140024665000300026020170124110120.0 aRC-016995 c04.50 aRC-016995 bCen Lib/Ret aDPLbEN a921bSIN aSingh, Devendra  aTulsidas /cby Devendra Singh aNew DelhibNational Book Trustc1971 aNew DelhibNew Delhie110028 a82p. c16cm(Hb) aEducation aTulasì„dà„sa, 1532-1623